Normal view
MARC view
- Herlt, Eduard.
Entry Personal Name
001 - CONTROL NUMBER
- control field: 8636
003 - CONTROL NUMBER IDENTIFIER
- control field: NUST
005 - DATE AND TIME OF LATEST TRANSACTION
- control field: 20180118114925.0
008 - FIXED-LENGTH DATA ELEMENTS
- fixed length control field: 180118|| aca||aabn | a|a d
040 ## - CATALOGING SOURCE
- Original cataloging agency: NUST
- Transcribing agency: NUST
100 ## - HEADING--PERSONAL NAME
- Personal name: Herlt, Eduard.
670 ## - SOURCE DATA FOUND
- Source citation: Work cat.: (NUST)30256: Stephani, Hans. 8625, Exact solutions of einstein's field equations /, 2003.
